00525nam a2200181Ia 450000100060000000800410000602000180004708200080006510000230007324501000009625000140019626000450021030000190025549000120027465300140028665300170030065300260031754387120203s1828 ii g b000 u 903 u a81-85557-53-5 a954 aHamilton, Walter . 0aEast- India Gazetteer Containing Particular Descriptions /cWalter Hamilton.hTextual Documents aIst ed. / aDelhi :bLow Price Publications ,c1828. a770pg ;c19cm. 63958/As aGeography aG- Geography aEast- India Gazetteer